000 00251nam a22001217a 4500
008 190205b xxu||||| |||| 00| 0 eng d
041 _aeng
080 _a710
100 _a45
101 _aART
245 _aThe Movies
_cGriffith, R
942 _2udc
_cBK
999 _c54080
_d54080